| 000 | 01231nam a2200337 i 4500 | ||
|---|---|---|---|
| 003 | CO-BoRNBP | ||
| 005 | 20250211114647.0 | ||
| 007 | ta | ||
| 008 | 250211s2023 ck a|||| |||| 00| 0 spa d | ||
| 020 | _a9786287589261 | ||
| 040 |
_aCO-BoRNBP _bspa _cCO-BoRNBP _erda |
||
| 041 |
_aspa _hfre |
||
| 084 | _aH BAI2 | ||
| 100 | 1 |
_aBailly, Pierre _d1970- _eautor _958283 |
|
| 245 | 1 | 0 |
_aBolita de pelo: _bamor congelado/ _cPierre Bailly y Céline Fraipont |
| 250 | _aEdición especial | ||
| 264 | 1 |
_aBogotá, Colombia _bRey Naranjo Editores _c2023 |
|
| 300 |
_a32 páginas, _bilustraciones a color _c23 cm |
||
| 336 |
_2rdacontent _atexto _btxt |
||
| 337 |
_2rdamedia _asin mediación _bn |
||
| 338 |
_2rdacarrier _avolumen _bnc |
||
| 490 |
_aPlan Nacional de Lectura, Escritura y Oralidad _pMinisterio de Cultura |
||
| 521 | _aRecomendado para un público infantil mayor de 3 años | ||
| 534 | _tPetit Poilu 10- Amour Glacé | ||
| 650 | 1 | 7 |
_2ARMARC _aTiras cómicas, historietas |
| 650 | 1 | 7 |
_2ARMARC _aLiteratura infantil belga _vSiglo XXI _958284 |
| 650 | 1 | 7 |
_2ARMARC _aHistorias de aventuras _9870 |
| 650 | 1 | 7 |
_2ARMARC _aRelaciones humanas en la literatura _958285 |
| 700 | 1 |
_aFraipont, Céline _eautor _958286 |
|
| 942 |
_2ddc _cBKINF |
||
| 999 |
_c56888 _d56888 |
||